000 00372nam a2200157Ia 4500
005 20250310010546.0
008 240331s9999 xx 000 0 und d
020 _a9558033065
082 _a891
_bSUN
100 _aRajakarunanayake,S
245 0 _aPrema puranaya
260 _aDehiawala
_bVidarshan Publishers
_c1999
300 _a174 p .,
650 _aPoems
942 _cL
999 _c4911
_d4911